42nd ICMCTF International conference on metallurgical coatings and thin films. April 20-24, 2015, San Diego, CS, USA
Saved in:
| Corporate Author: | |
|---|---|
| Format: | Conference Proceeding Book |
| Language: | English |
| Published: |
b.m.
2015
|
| Tags: |
No Tags, Be the first to tag this record!
|
MARC
| LEADER | 00000nam a22000003a 4500 | ||
|---|---|---|---|
| 001 | 0004498 | ||
| 003 | SK-STU | ||
| 005 | 20150602083700.8 | ||
| 007 | ta | ||
| 008 | 150507s ----xo-----e------100-0-----d | ||
| 040 | |a STU |b slo | ||
| 041 | 0 | |a eng | |
| 044 | |a xxu | ||
| 111 | 2 | |a ICMCTF |n 42nd |d 20.-24.4.2015 |c San Diego, USA | |
| 245 | 1 | 0 | |a 42nd ICMCTF |b International conference on metallurgical coatings and thin films. April 20-24, 2015, San Diego, CS, USA |
| 260 | |c 2015 |a b.m. | ||
| 300 | |a 144 p. | ||
| 996 | |b 284M086418 |c M* Z-4286 |l MMKN |s A |a 24 |w 0004498_0001 | ||
| 996 | |b 284M086419 |c M* Z-4287 |l MMKN |s A |a 24 |w 0004498_0002 | ||